000 01086cab a2200289 4500
001 WB3504-05
008 090401t1999 xxu||||| |||| 00| 0 eng d
035 _a(Sirsi) u90942
041 _aeng
245 _aPublication of the report on thaumasite
260 _c1999
350 _a0
490 _aDETR News Release
_v(63) 25 January 1999
490 _aNew Civil Engineer
_v28 January 1999, 3(5)
520 _aThe Thaumasite Expert Group has published its findings on the risk posed by the thaumasite form of sulphate attack on concrete in buildings. The main conclusion is that it is no threat to public safety and only presents a small risk to concrete in buildings. Recommends further research on outstanding issues. BRE digest 363 is to be amended.
650 _aBRE DIGEST 363
650 _aBUILDING DEFECTS
650 _aDETR
650 _aPORTLAND CEMENT
650 _aREPORT
650 _aSULPHATE ATTACK
650 _aTHAUMASITE EXPERT GROUP
650 _aTHAUMASITE
690 _aBUILT ENVIRONMENT-BUILDING MATERIALS
942 _n0
948 _c27/01/1999
999 _c57696
_d57696